000 00392nam a22001697a 4500
005 20180305122820.0
008 160613b xxu||||| |||| 00| 0 eng d
020 _a0-07-047441-9
041 _aeng
082 _b7272
_a332.1
100 _aSunghal, Sanjeev
_91803
245 _aInternet banking the second wave
260 _bTMH
300 _a191
650 _aManagement
_9241
942 _cBK
999 _c2534
_d2533